Lọ lem thơ

Đã lưu trong:
書目詳細資料
主要作者: Epghenhi Eptusenko
格式: 圖書
語言:Vietnamese
出版: H. Tác phẩm mới Hội Nhà văn Việt Nam 1982
標簽: 添加標簽
沒有標簽, 成為第一個標記此記錄!
Thư viện lưu trữ: Mạng thư viện Đại học Đà Nẵng
LEADER 00929nam a2200277 4500
001 000004944
003 1086
005 20120411090421.0
008 110805s1982 viesd
020 |c 5000 đ 
041 0 |a vie 
082 |a 891.7  |b ÉP-É 
100 0 |a Epghenhi Eptusenko 
245 0 |a Lọ lem  |b thơ  |c Bằng Việt dịch; Vũ Quần Phương giới thiệu 
260 |a H.  |b Tác phẩm mới  |b Hội Nhà văn Việt Nam  |c 1982 
300 |a 86 tr.  |c 21 cm 
OWN |a LSP 
AVA |a UDN50  |b LSP  |d 891.7 ÉP-É  |e available  |t Error 5001 Not defined in file expand_doc_bib_avail.  |f 1  |g 0  |h N  |i 0  |k 1 
999 |a From the UDN01 
AVA |a UDN50  |b LSP  |d 891.7 ÉP-É  |e available  |t Error 5001 Not defined in file expand_doc_bib_avail.  |f 1  |g 0  |h N  |i 0  |k 1 
TYP |a Monograph 
TYP |a Printed language 
980 |a Mạng thư viện Đại học Đà Nẵng